000 00303nam a2200121Ia 4500
008 190802s9999 xx 000 0 und d
020 _a978-93-325-8560-7
100 _aM.Morris Mano
245 0 _aComputer System Architecture
260 _aNew Delhi
_bCrc Press
_c2018
300 _a586:p
942 _cBK
999 _c2306
_d2306